[Event "Opera Euro Rapid Prelim"]
[Site "chess24.com INT"]
[Date "2021.02.08"]
[Round "11.5"]
[White "Nepomniachtchi, Ian"]
[Black "So, Wesley"]
[Result "1/2-1/2"]
[WhiteTitle "GM"]
[BlackTitle "GM"]
[WhiteElo "2789"]
[BlackElo "2770"]
[WhiteFideId "4168119"]
[BlackFideId "5202213"]
[EventDate "2021.02.06"]

1. d4 Nf6 2. c4 e6 3. Nf3 d5 4. Nc3 c5 5. cxd5 cxd4 6. Qxd4 exd5 7. e4 dxe4 8.
Qxd8+ Kxd8 9. Ng5 Be6 10. g3 Bb4 11. Bd2 Ke7 12. Bg2 Nc6 13. Nxe6 Kxe6 14. Nxe4
Nxe4 15. Bxe4 Bxd2+ 16. Kxd2 Rad8+ 17. Ke3 Ne5 18. Rac1 Rd7 19. f4 f5 20. Bxf5+
Kxf5 21. Rc5 Re8 22. Rf1 b6 23. Rb5 Rd3+ 24. Ke2 Rd7 25. Rf3 Kf6 26. fxe5+ Ke6
27. Rc3 Kf5 28. Re3 Rde7 29. Rf3+ Kg6 30. Re3 Kf5 31. Rf3+ Kg6 32. Kd3 Rxe5 33.
Rxe5 Rxe5 34. a4 h5 35. b4 Re1 36. Kc4 a6 37. Rd3 Kf5 38. Rd6 Re4+ 39. Kc3 Re3+
40. Kc4 Re4+ 41. Kc3 Re3+ 42. Kc4 Re4+ 1/2-1/2

[Event "Opera Euro Rapid Prelim"]
[Site "chess24.com INT"]
[Date "2021.02.08"]
[Round "11.6"]
[White "Nakamura, Hikaru"]
[Black "Vachier-Lagrave, Maxime"]
[Result "1/2-1/2"]
[WhiteTitle "GM"]
[BlackTitle "GM"]
[WhiteElo "2736"]
[BlackElo "2784"]
[WhiteFideId "2016192"]
[BlackFideId "623539"]
[EventDate "2021.02.06"]

1. e4 c5 2. Nf3 d6 3. d4 cxd4 4. Nxd4 Nf6 5. Nc3 a6 6. a3 e5 7. Nf5 d5 8. Bg5 d4
9. Bxf6 gxf6 10. Nb1 Bxf5 11. exf5 Qd5 12. Qg4 h5 13. Qh4 Nd7 14. Nd2 Rg8 15.
Qe4 Qxe4+ 16. Nxe4 Rc8 17. O-O-O h4 18. g3 Bh6+ 19. Kb1 Ke7 20. Bg2 b6 21. c3
Nc5 22. cxd4 Nxe4 23. Bxe4 a5 24. Rhe1 Rgd8 25. Bc2 Rc4 26. dxe5 Rxd1+ 27. Rxd1
fxe5 28. f6+ Kxf6 29. Rd6+ Kg7 30. Rxb6 Bd2 31. Rb5 hxg3 32. hxg3 e4 33. Rb7 e3
34. fxe3 Rg4 35. e4 Rxg3 36. Bb3 Rf3 37. e5 Kf8 38. Kc2 Be3 39. Bd5 Rf2+ 40. Kc3
Bd2+ 41. Kc4 Bc1 42. b4 axb4 43. axb4 Bb2 44. e6 fxe6 45. Bxe6 Re2 46. Kd5 Rd2+
47. Kc6 Be5 48. Bd5 Ke8 49. Be4 Rd6+ 50. Kc5 Kd8 51. Rh7 Rd7 52. Rh5 Bd4+ 53.
Kc4 Be3 54. Bd5 Kc7 55. Re5 Bb6 56. Kb5 Bd4 57. Rg5 Rd6 58. Rh5 Be3 59. Kc4 Rh6
60. Re5 Rh4+ 61. Kb5 Bd2 62. Bc4 Bc3 63. Rc5+ Kd6 64. Rc6+ Ke5 65. Ka4 Bd2 66.
b5 Rh6 67. Rc5+ Kf4 68. Bd5 Be3 69. Rc4+ Kf5 70. Ka5 Bd2+ 71. Ka4 Be3 72. Re4
Bb6 73. Re8 Rd6 74. Bc6 Rd4+ 75. Kb3 Rd8 76. Re7 Rd3+ 77. Kc2 Rd6 78. Rb7 Bg1
79. Kc3 Ke5 80. Kb4 Rd2 81. Re7+ Kf6 82. Re8 Rb2+ 83. Kc3 Rb1 84. Re2 Bb6 85.
Bd7 Re1 86. Rh2 Ke7 87. Bf5 Re5 88. Bd3 Kd6 89. Kc4 Rc5+ 90. Kb4 Re5 91. Rh6+
Re6 92. Rh8 Rf6 93. Be4 Ke5 94. Bc6 Rf4+ 95. Kb3 Kd6 96. Rh6+ Ke5 97. Bg2 Rf6
98. Rh1 Rg6 99. Re1+ Kd6 100. Rd1+ Ke5 101. Ba8 Rg3+ 102. Kc2 Rg8 103. Bf3 Rd8
104. Rh1 Rf8 105. Rh3 Rf6 106. Kb3 Kd6 107. Be4 Ke5 108. Bd3 Kd4 109. Bc4 Ke5
110. Kb4 Rf5 111. Rd3 Rf6 112. Rd5+ Ke4 113. Rh5 Rd6 114. Rh8 Kd4 115. Rc8 Ke5
116. Rc6 1/2-1/2

[Event "Opera Euro Rapid Prelim"]
[Site "chess24.com INT"]
[Date "2021.02.08"]
[Round "11.7"]
[White "Vidit, Santosh Gujrathi"]
[Black "Carlsen, Magnus"]
[Result "0-1"]
[WhiteTitle "GM"]
[BlackTitle "GM"]
[WhiteElo "2726"]
[BlackElo "2862"]
[WhiteFideId "5029465"]
[BlackFideId "1503014"]
[EventDate "2021.02.06"]

1. d4 d5 2. c4 e6 3. Nf3 c6 4. e3 f5 5. Bd3 Nf6 6. O-O Bd6 7. b3 Qe7 8. Bb2 O-O
9. Qc1 b6 10. Ba3 Bb7 11. Bxd6 Qxd6 12. Qa3 Qxa3 13. Nxa3 g6 14. Rfc1 Nbd7 15.
cxd5 exd5 16. Nc2 a5 17. a4 Ne4 18. g3 Kg7 19. Nce1 Rfc8 20. Rc2 c5 21. Bb5 Nf8
22. Rac1 Kf6 23. Nd3 cxd4 24. Nxd4 Rxc2 25. Rxc2 Rc8 26. Rxc8 Bxc8 27. Bc6 Nc3
28. b4 Ne6 29. Nb3 Nd8 30. Ba8 Ba6 31. Nf4 axb4 32. Nxd5+ Nxd5 33. Bxd5 Ne6 34.
a5 bxa5 35. Nxa5 Nc5 36. f4 Bb5 37. Kf2 Bd7 38. e4 fxe4 39. Ke3 Be6 40. Bxe6
Kxe6 41. Kd4 b3 42. Nc4 Na4 0-1

[Event "Opera Euro Rapid Prelim"]
[Site "chess24.com INT"]
[Date "2021.02.08"]
[Round "11.8"]
[White "Radjabov, Teimour"]
[Black "Ding, Liren"]
[Result "1/2-1/2"]
[WhiteTitle "GM"]
[BlackTitle "GM"]
[WhiteElo "2765"]
[BlackElo "2791"]
[WhiteFideId "13400924"]
[BlackFideId "8603677"]
[EventDate "2021.02.06"]

1. d4 Nf6 2. c4 e6 3. Nf3 b6 4. g3 Ba6 5. Qa4 Bb7 6. Bg2 c5 7. O-O cxd4 8. Nxd4
Bxg2 9. Kxg2 Qc7 10. Nc3 Be7 11. Rd1 O-O 12. Bf4 Qb7+ 13. Kg1 a6 14. Rac1 Rc8
15. Nf3 Nc6 16. Bg5 Rc7 17. Qc2 h6 18. Bf4 Rcc8 19. Ne4 d5 20. Nxf6+ Bxf6 21.
cxd5 Nb4 22. Qb3 Nxd5 23. Be5 Be7 24. Bd4 b5 25. Ne5 Bf6 26. Nf3 Bxd4 27. Nxd4
Rxc1 28. Rxc1 Rc8 29. Rc2 Nb6 30. Qf3 Nd5 31. Qe4 Qd7 32. e3 Rxc2 33. Qxc2 Nb4
34. Qb3 Nc6 35. Nxc6 Qxc6 36. Qb4 Qc1+ 37. Kg2 Qc6+ 38. Kg1 Qc1+ 39. Kg2 Qc6+
40. Kg1 1/2-1/2

[Event "Opera Euro Rapid Prelim"]
[Site "chess24.com INT"]
[Date "2021.02.08"]
[Round "12.1"]
[White "Dubov, Daniil"]
[Black "Ding, Liren"]
[Result "1-0"]
[WhiteTitle "GM"]
[BlackTitle "GM"]
[WhiteElo "2710"]
[BlackElo "2791"]
[WhiteFideId "24126055"]
[BlackFideId "8603677"]
[EventDate "2021.02.06"]

1. d4 Nf6 2. Nf3 d5 3. c4 e6 4. g3 Bb4+ 5. Nbd2 dxc4 6. Bg2 a5 7. a3 Bxd2+ 8.
Bxd2 O-O 9. Qc2 b5 10. a4 c6 11. h4 Nbd7 12. h5 h6 13. g4 Nxg4 14. axb5 Bb7 15.
Nh2 Nxf2 16. Kxf2 Qh4+ 17. Kf1 Qf6+ 18. Bf3 1-0

[Event "Opera Euro Rapid Prelim"]
[Site "chess24.com INT"]
[Date "2021.02.08"]
[Round "12.2"]
[White "Carlsen, Magnus"]
[Black "Radjabov, Teimour"]
[Result "1/2-1/2"]
[WhiteTitle "GM"]
[BlackTitle "GM"]
[WhiteElo "2862"]
[BlackElo "2765"]
[WhiteFideId "1503014"]
[BlackFideId "13400924"]
[EventDate "2021.02.06"]

1. d4 Nf6 2. c4 e6 3. Nc3 Bb4 4. Nf3 c5 5. e3 d5 6. a3 Bxc3+ 7. bxc3 Nc6 8. Bd3
O-O 9. O-O b6 10. cxd5 exd5 11. Nd2 Re8 12. Re1 Bg4 13. f3 Bh5 14. Bb2 Bg6 15.
Bb5 Re6 16. c4 cxd4 17. Bxc6 Rxc6 18. cxd5 Nxd5 19. Bxd4 Nc3 20. Qb3 Rac8 21.
Nf1 Qd5 22. Qxd5 Nxd5 23. e4 Nf4 24. Ne3 f6 25. Red1 Rd8 26. Bb2 Rcd6 27. Rxd6
Rxd6 28. Rd1 Rxd1+ 29. Nxd1 Kf7 30. Ne3 Ke6 31. g3 Nd3 32. Bc3 Kd6 33. Kf1 Kc6
34. Ke2 Nc5 35. g4 a5 36. e5 fxe5 37. Bxe5 Bd3+ 38. Kd2 g6 39. Kc3 Be2 40. f4 b5
41. f5 gxf5 42. gxf5 b4+ 43. axb4 axb4+ 44. Kd2 Bh5 45. Bb2 Kd6 46. f6 Ke6 47.
Nc2 Ne4+ 48. Ke3 Nxf6 49. Bxf6 b3 50. Nd4+ Kxf6 51. Nxb3 Bf7 52. Nd4 Ke5 53.
Nf3+ Kf5 54. Nd4+ Ke5 55. Nf3+ Kf5 56. Nd4+ Ke5 1/2-1/2

[Event "Opera Euro Rapid Prelim"]
[Site "chess24.com INT"]
[Date "2021.02.08"]
[Round "12.3"]
[White "Vachier-Lagrave, Maxime"]
[Black "Vidit, Santosh Gujrathi"]
[Result "1/2-1/2"]
[WhiteTitle "GM"]
[BlackTitle "GM"]
[WhiteElo "2784"]
[BlackElo "2726"]
[WhiteFideId "623539"]
[BlackFideId "5029465"]
[EventDate "2021.02.06"]

1. e4 e5 2. Nf3 Nc6 3. Bb5 a6 4. Ba4 Nf6 5. Nc3 b5 6. Bb3 Bc5 7. d3 h6 8. a4 Rb8
9. axb5 axb5 10. Nd5 d6 11. c3 Nxd5 12. Bxd5 Ne7 13. Bb3 Ng6 14. O-O O-O 15. d4
Bb6 16. Be3 Qf6 17. h3 Bb7 18. Bc2 Rfe8 19. Re1 Re7 20. Qd2 exd4 21. Bxd4 Bxd4
22. cxd4 Rbe8 23. d5 c6 24. dxc6 Bxc6 25. Ra6 Bxe4 26. Bxe4 Rxe4 27. Rxe4 Rxe4
28. Rxd6 Qf4 29. Qd3 Rc4 30. g3 Qe4 31. Rd8+ Kh7 32. Qxe4 Rxe4 33. Rd4 Re2 34.
Rb4 Ne5 35. Kf1 Rxf2+ 36. Kxf2 Nd3+ 37. Ke2 Nxb4 38. Nd4 g5 39. Nxb5 f5 40. Nc3
Kg6 41. Ke3 f4+ 42. gxf4 gxf4+ 43. Ke4 Kg5 44. Ne2 Kh4 45. Nxf4 Kg3 46. Nd3 Nc2
47. Nf4 Nb4 48. Kf5 Nc2 49. Ke4 Nb4 1/2-1/2

[Event "Opera Euro Rapid Prelim"]
[Site "chess24.com INT"]
[Date "2021.02.08"]
[Round "12.4"]
[White "So, Wesley"]
[Black "Nakamura, Hikaru"]
[Result "1/2-1/2"]
[WhiteTitle "GM"]
[BlackTitle "GM"]
[WhiteElo "2770"]
[BlackElo "2736"]
[WhiteFideId "5202213"]
[BlackFideId "2016192"]
[EventDate "2021.02.06"]

1. d4 Nf6 2. c4 e6 3. Nc3 Bb4 4. Qc2 O-O 5. e4 d5 6. e5 Ne4 7. Bd3 c5 8. Nf3
cxd4 9. Nxd4 Nd7 10. Bf4 Qh4 11. g3 Qh5 12. O-O g5 13. cxd5 Bxc3 14. bxc3 exd5
15. Bxe4 dxe4 16. e6 gxf4 17. exd7 Bxd7 18. Qxe4 fxg3 19. fxg3 b6 20. Nf5 Rae8
21. Qd5 Bxf5 22. Rxf5 Qe2 23. Raf1 Qe3+ 24. R1f2 Qe1+ 25. Rf1 Qe3+ 26. R1f2 Qe1+
27. Rf1 Qe3+ 1/2-1/2

[Event "Opera Euro Rapid Prelim"]
[Site "chess24.com INT"]
[Date "2021.02.08"]
[Round "12.5"]
[White "Aronian, Levon"]
[Black "Nepomniachtchi, Ian"]
[Result "1-0"]
[WhiteTitle "GM"]
[BlackTitle "GM"]
[WhiteElo "2781"]
[BlackElo "2789"]
[WhiteFideId "13300474"]
[BlackFideId "4168119"]
[EventDate "2021.02.06"]

1. d4 Nf6 2. c4 g6 3. Nc3 d5 4. Bg5 Ne4 5. Bf4 Nxc3 6. bxc3 c5 7. cxd5 Qxd5 8.
e3 cxd4 9. Qxd4 Qxd4 10. cxd4 Nc6 11. Nf3 Bg7 12. Bd3 O-O 13. Be4 Bd7 14. Kd2
Rac8 15. Rhc1 b6 16. Rc3 Na5 17. Rac1 Rxc3 18. Rxc3 Rc8 19. Rxc8+ Bxc8 20. Bb8
Nc4+ 21. Kc3 Nd6 22. Bc6 a6 23. a4 Bf5 24. Nd2 Bf8 25. e4 Bc8 26. Bxd6 exd6 27.
Nc4 1-0

[Event "Opera Euro Rapid Prelim"]
[Site "chess24.com INT"]
[Date "2021.02.08"]
[Round "12.6"]
[White "Bluebaum, Matthias"]
[Black "Giri, Anish"]
[Result "0-1"]
[WhiteTitle "GM"]
[BlackTitle "GM"]
[WhiteElo "2670"]
[BlackElo "2764"]
[WhiteFideId "24651516"]
[BlackFideId "24116068"]
[EventDate "2021.02.06"]

1. d4 Nf6 2. Nf3 d5 3. Bf4 Bf5 4. c4 e6 5. Qb3 dxc4 6. Qxb7 Be4 7. Qxc7 Bb4+ 8.
Nbd2 Qxc7 9. Bxc7 Ke7 10. a3 c3 11. axb4 cxb2 12. Ra2 Rc8 13. Rxb2 Rxc7 14. Nb3
Nc6 15. b5 Nb4 16. e3 Nd7 17. Be2 Nd3+ 18. Bxd3 Bxd3 19. Na5 Bxb5 20. Rxb5 Rc1+
21. Ke2 Rxh1 22. Rb7 f6 23. Ne1 Kd8 24. h3 Kc8 25. Rb2 Nb6 26. Rc2+ Kd7 27. Nb7
Rc8 28. Nc5+ Ke7 29. Ra2 Rc7 30. Ra6 e5 31. f3 Nd5 32. Ra3 Kf7 33. Ned3 exd4 34.
exd4 Rb1 35. Kf2 g5 36. Kg3 Ne3 37. Kf2 Nd5 38. Kg3 Rd1 39. h4 h6 40. hxg5 hxg5
41. Ra2 Re7 42. Kf2 Nc3 43. Rc2 Na4 44. g4 Nxc5 45. Nxc5 Rxd4 46. Ne4 Rdxe4 47.
fxe4 Rxe4 48. Kf3 Rf4+ 49. Kg3 a5 0-1

[Event "Opera Euro Rapid Prelim"]
[Site "chess24.com INT"]
[Date "2021.02.08"]
[Round "12.7"]
[White "Shankland, Sam"]
[Black "Grischuk, Alexander"]
[Result "1/2-1/2"]
[WhiteTitle "GM"]
[BlackTitle "GM"]
[WhiteElo "2691"]
[BlackElo "2777"]
[WhiteFideId "2004887"]
[BlackFideId "4126025"]
[EventDate "2021.02.06"]

1. e4 c5 2. Nf3 Nc6 3. d4 cxd4 4. Nxd4 Nf6 5. Nc3 e5 6. Ndb5 d6 7. Nd5 Nxd5 8.
exd5 Ne7 9. c4 Ng6 10. Qa4 Bd7 11. Qb4 Qb8 12. h4 h5 13. Be2 Be7 14. g3 e4 15.
Bg5 f5 16. O-O-O Bxb5 17. Qxb5+ Kf7 18. Kb1 b6 19. Bxe7 Kxe7 20. f3 Qe8 21. fxe4
Qxb5 22. cxb5 f4 23. Rhg1 Raf8 24. gxf4 Nxf4 25. Bf3 Rf7 26. e5 dxe5 27. d6+ Kf6
28. Bc6 Rd8 29. d7 Re7 30. Kc2 g6 31. Rg3 Re6 32. Ra3 a5 33. b4 axb4 34. Ra6 Ke7
35. Rxb6 e4 36. Ra6 e3 37. Ra4 e2 38. Re1 Rxd7 39. Bxd7 Kxd7 40. Rxb4 Ng2 41.
Rd4+ Kc7 42. Kd2 Nxe1 43. Kxe1 Kb6 44. Rb4 Re5 45. a4 Ka5 46. Rb2 Kxa4 47. b6
Re8 48. b7 Rb8 49. Kxe2 Ka5 50. Ke3 Ka6 51. Kf4 Rxb7 52. Ra2+ Kb6 53. Kg5 Kc7
54. Kxg6 Kd7 55. Ra5 Rb4 56. Rxh5 Ke7 57. Rh7+ Ke6 58. h5 Rg4+ 59. Kh6 Kf6 60.
Ra7 Rh4 61. Ra5 Kf7 62. Kh7 Rg4 63. Rf5+ Ke7 64. Kh6 Rg1 65. Rf2 Rg3 66. Kh7 Rg5
67. h6 Rg1 68. Ra2 Kf7 69. Ra7+ Kf8 70. Rg7 Rf1 71. Rg4 Kf7 72. Rg3 Rf2 73. Rg4 1/2-1/2

[Event "Opera Euro Rapid Prelim"]
[Site "chess24.com INT"]
[Date "2021.02.08"]
[Round "12.8"]
[White "Dominguez Perez, Leinier"]
[Black "Duda, Jan-Krzysztof"]
[Result "1-0"]
[WhiteTitle "GM"]
[BlackTitle "GM"]
[WhiteElo "2758"]
[BlackElo "2743"]
[WhiteFideId "3503240"]
[BlackFideId "1170546"]
[EventDate "2021.02.06"]

1. e4 e5 2. Nf3 Nf6 3. Nxe5 d6 4. Nf3 Nxe4 5. d4 d5 6. Bd3 Bf5 7. O-O Be7 8. Re1
O-O 9. Nbd2 Nd6 10. Nf1 Bxd3 11. Qxd3 Nd7 12. Bf4 Re8 13. Qb3 Nb6 14. Ne3 c6 15.
a4 a5 16. h4 Ndc4 17. Nf5 Bf8 18. h5 Qd7 19. N3h4 Re6 20. Qg3 Rae8 21. Rxe6 Qxe6
22. b3 Nb2 23. Rb1 g6 24. Rxb2 Qe1+ 25. Kh2 Qd1 26. hxg6 Re1 27. gxf7+ Kxf7 28.
Qf3 1-0

[Event "Opera Euro Rapid Prelim"]
[Site "chess24.com INT"]
[Date "2021.02.08"]
[Round "13.1"]
[White "Duda, Jan-Krzysztof"]
[Black "Dubov, Daniil"]
[Result "1-0"]
[WhiteTitle "GM"]
[BlackTitle "GM"]
[WhiteElo "2743"]
[BlackElo "2710"]
[WhiteFideId "1170546"]
[BlackFideId "24126055"]
[EventDate "2021.02.06"]

1. d4 Nf6 2. c4 e6 3. Nf3 d5 4. Nc3 c6 5. e3 Nbd7 6. Bd3 dxc4 7. Bxc4 b5 8. Bd3
Bb7 9. O-O a6 10. e4 c5 11. e5 Nd5 12. Ng5 Nxc3 13. bxc3 Be7 14. Nxe6 fxe6 15.
Qh5+ g6 16. Bxg6+ hxg6 17. Qxg6+ Kf8 18. Bh6+ Rxh6 19. Qxh6+ Kg8 20. Qg6+ Kh8
21. Qh6+ Kg8 22. Qxe6+ Kg7 23. Rad1 Nf8 24. Qg4+ Kh8 25. d5 Nh7 26. d6 Bh4 27.
e6 Qf6 28. e7 Bc6 29. g3 Rg8 30. Qh5 Qxc3 31. Rd5 Bxd5 32. Qxd5 Nf6 33. Qxg8+
Nxg8 34. e8=Q Bf6 35. Qh5+ Kg7 36. Rd1 Nh6 37. d7 Nf7 38. Qg4+ Kf8 39. Qe6 c4
40. Rd5 b4 41. Rf5 Kg7 42. Kg2 b3 43. axb3 cxb3 44. Qxa6 b2 45. Qb6 Bd8 46.
Rxf7+ Kxf7 47. Qxd8 Qc6+ 48. f3 b1=Q 49. Qe8+ Kg7 50. Qe5+ Kh7 51. Qh5+ Kg7 52.
Qg4+ Kh6 53. Qf4+ Kh5 54. g4+ Kg6 55. d8=Q Qcc2+ 56. Qdd2 1-0

[Event "Opera Euro Rapid Prelim"]
[Site "chess24.com INT"]
[Date "2021.02.08"]
[Round "13.2"]
[White "Grischuk, Alexander"]
[Black "Dominguez Perez, Leinier"]
[Result "0-1"]
[WhiteTitle "GM"]
[BlackTitle "GM"]
[WhiteElo "2777"]
[BlackElo "2758"]
[WhiteFideId "4126025"]
[BlackFideId "3503240"]
[EventDate "2021.02.06"]

1. e4 e5 2. Bc4 Nf6 3. Nc3 Nc6 4. d3 Bc5 5. f4 O-O 6. Nf3 exf4 7. Bxf4 d6 8. Na4
d5 9. Nxc5 dxc4 10. Qd2 Qe7 11. Na4 cxd3 12. cxd3 Nxe4 13. dxe4 Qxe4+ 14. Qe3
Re8 15. Nc3 Qxe3+ 16. Bxe3 Rxe3+ 17. Kf2 Rd3 18. Rhd1 Rxd1 19. Rxd1 Be6 20. Nb5
Rc8 21. a3 a6 22. Nc3 Rd8 23. Rc1 Bd5 24. Ne1 Kf8 25. b4 Bc4 26. Nf3 Rd3 27. Ne4
Bd5 28. Nc5 Rxa3 29. Nxb7 Bxf3 30. gxf3 Ne5 31. Rxc7 Rxf3+ 32. Ke2 Rb3 33. Nd6
Rxb4 34. Nf5 Rb8 35. Ke3 g6 36. Ke4 gxf5+ 37. Kxe5 Ra8 38. Kf6 Kg8 0-1

[Event "Opera Euro Rapid Prelim"]
[Site "chess24.com INT"]
[Date "2021.02.08"]
[Round "13.3"]
[White "Giri, Anish"]
[Black "Shankland, Sam"]
[Result "1/2-1/2"]
[WhiteTitle "GM"]
[BlackTitle "GM"]
[WhiteElo "2764"]
[BlackElo "2691"]
[WhiteFideId "24116068"]
[BlackFideId "2004887"]
[EventDate "2021.02.06"]

1. Nf3 c5 2. c4 Nc6 3. Nc3 Nf6 4. e3 e6 5. d4 d5 6. cxd5 Nxd5 7. Bd3 Be7 8. O-O
O-O 9. a3 cxd4 10. exd4 Bf6 11. Be4 Nce7 12. h4 Bd7 13. Ng5 g6 14. Nf3 Bc6 15.
Re1 Rc8 16. Bh6 Nxc3 17. bxc3 Bxe4 18. Bxf8 Nd5 19. Bb4 Bxf3 20. Qxf3 Bxh4 21.
a4 a5 22. Bc5 b6 23. c4 Nf6 24. Bxb6 Qxb6 25. Qf4 Rxc4 26. Qxh4 Nd5 27. Reb1 Qc7
28. Qe4 Nc3 29. Qa8+ Kg7 30. Rb8 Ne2+ 31. Kf1 Nf4 32. Rg8+ Kh6 33. Qe4 Rc1+ 34.
Rxc1 Qxc1+ 35. Qe1 Qc6 36. f3 Qc4+ 37. Kg1 Qxd4+ 38. Kh2 Qf6 39. Kh1 Qg5 40. Qg1
Nh5 41. g4 Qh4+ 42. Qh2 Qe1+ 43. Qg1 Qh4+ 44. Qh2 Qe1+ 45. Qg1 Qh4+ 1/2-1/2

[Event "Opera Euro Rapid Prelim"]
[Site "chess24.com INT"]
[Date "2021.02.08"]
[Round "13.4"]
[White "Nepomniachtchi, Ian"]
[Black "Bluebaum, Matthias"]
[Result "0-1"]
[WhiteTitle "GM"]
[BlackTitle "GM"]
[WhiteElo "2789"]
[BlackElo "2670"]
[WhiteFideId "4168119"]
[BlackFideId "24651516"]
[EventDate "2021.02.06"]

1. e4 e6 2. d4 d5 3. Nc3 Nf6 4. e5 Nfd7 5. f4 c5 6. Nf3 Nc6 7. Be3 a6 8. a3 Qb6
9. Na4 Qa5+ 10. c3 c4 11. Be2 b5 12. Nc5 Nxd4 13. Nxd7 Nxf3+ 14. Bxf3 Bxd7 15.
f5 Qc7 16. Bd4 Bc5 17. fxe6 fxe6 18. Bh5+ g6 19. Bg4 Bxd4 20. Qxd4 O-O 21. Kd2
Rf7 22. Raf1 Raf8 23. Rxf7 Rxf7 24. h4 Qd8 25. Kc2 a5 26. Kb1 Qb8 27. g3 b4 28.
cxb4 axb4 29. a4 h5 30. Bh3 Qa8 31. g4 Qxa4 32. gxh5 b3 33. Rg1 Rf3 34. Rxg6+
Kh7 35. Rg7+ Kxg7 36. Qg4+ Kh8 37. Qxf3 Qa2+ 38. Kc1 Qa1+ 39. Kd2 Qxb2+ 40. Ke1
Qxe5+ 41. Kf2 b2 42. Qf8+ Kh7 43. Qe7+ Qg7 44. Qb4 Qd4+ 45. Kg2 Qe4+ 46. Kh2
Qe5+ 47. Kg2 Qe2+ 48. Kg3 Qd3+ 49. Kh2 Qc2+ 50. Bg2 b1=Q 51. Qe7+ Kg8 52. Qd8+
Kf7 53. Qxd7+ Kf6 54. Qd8+ Ke5 55. h6 Qh7 56. Qf8 Qbb7 57. Kg3 Qbf7 58. Qb8+ Qc7
59. Qf8 Kd4+ 0-1

[Event "Opera Euro Rapid Prelim"]
[Site "chess24.com INT"]
[Date "2021.02.08"]
[Round "13.5"]
[White "Nakamura, Hikaru"]
[Black "Aronian, Levon"]
[Result "1/2-1/2"]
[WhiteTitle "GM"]
[BlackTitle "GM"]
[WhiteElo "2736"]
[BlackElo "2781"]
[WhiteFideId "2016192"]
[BlackFideId "13300474"]
[EventDate "2021.02.06"]

1. e4 e5 2. Bc4 Nf6 3. d3 Nc6 4. Nc3 Na5 5. Nf3 Nxc4 6. dxc4 Bb4 7. Qd3 d6 8.
Bd2 Bg4 9. Ng1 O-O 10. f3 Be6 11. a3 Bxc3 12. Qxc3 Nd7 13. Ne2 Qh4+ 14. Ng3 f5
15. exf5 Rxf5 16. O-O-O Rf7 17. b3 a5 18. a4 b6 19. Be3 Raf8 20. Ne4 h6 21. Qd2
Nf6 22. Nc3 Rd7 23. Qe2 Rfd8 24. Kb2 d5 25. Bf2 Qh5 26. g4 Nxg4 27. fxg4 Bxg4
28. Qe1 Bxd1 29. Qxd1 Qxd1 30. Rxd1 dxc4 31. Re1 cxb3 32. Kxb3 Re8 33. Bg3 e4
34. Rxe4 Rxe4 35. Nxe4 Rd4 36. Nf2 Rb4+ 37. Ka3 Rc4 38. Kb3 Rb4+ 39. Ka3 Rc4 40.
Kb3 Rb4+ 1/2-1/2

[Event "Opera Euro Rapid Prelim"]
[Site "chess24.com INT"]
[Date "2021.02.08"]
[Round "13.6"]
[White "Vidit, Santosh Gujrathi"]
[Black "So, Wesley"]
[Result "1/2-1/2"]
[WhiteTitle "GM"]
[BlackTitle "GM"]
[WhiteElo "2726"]
[BlackElo "2770"]
[WhiteFideId "5029465"]
[BlackFideId "5202213"]
[EventDate "2021.02.06"]

1. d4 Nf6 2. c4 e6 3. Nc3 Bb4 4. e3 O-O 5. Bd2 d5 6. Nf3 b6 7. cxd5 exd5 8. Rc1
Bb7 9. Bd3 Be7 10. O-O c5 11. Ne5 Nc6 12. Ne2 Rc8 13. Bc3 Ne4 14. Nxc6 Bxc6 15.
Bxe4 dxe4 16. dxc5 Qxd1 17. Rfxd1 Bxc5 18. Nd4 Ba4 19. Re1 Bd7 20. h3 f6 21.
Rcd1 Kf7 22. Nb3 Ba4 23. Rd2 Bxb3 24. axb3 Rfd8 25. Rxd8 Rxd8 26. Ra1 a5 27. Kf1
f5 28. Ke2 g5 29. Ra4 Ke6 30. g4 Rc8 31. b4 Bxb4 32. Bxb4 Rc4 33. b3 Rxb4 34.
Rxb4 axb4 35. Kf1 h5 36. Kg2 fxg4 37. hxg4 hxg4 38. Kh2 Kf6 39. Kg2 Kg6 40. Kh2
Kh6 41. Kg2 1/2-1/2

[Event "Opera Euro Rapid Prelim"]
[Site "chess24.com INT"]
[Date "2021.02.08"]
[Round "13.7"]
[White "Radjabov, Teimour"]
[Black "Vachier-Lagrave, Maxime"]
[Result "1/2-1/2"]
[WhiteTitle "GM"]
[BlackTitle "GM"]
[WhiteElo "2765"]
[BlackElo "2784"]
[WhiteFideId "13400924"]
[BlackFideId "623539"]
[EventDate "2021.02.06"]

1. Nf3 Nf6 2. b3 g6 3. Bb2 Bg7 4. c4 c5 5. g3 b6 6. Bg2 Bb7 7. O-O O-O 8. d4
cxd4 9. Qxd4 Nc6 10. Qc3 Qc7 11. Rd1 Rad8 12. Na3 Rfe8 13. Rac1 Qb8 14. Qe1 a6
15. Nc2 b5 16. Ne3 bxc4 17. bxc4 d6 18. Ba1 Qa7 19. Nd5 e5 20. e3 Nxd5 21. cxd5
Ne7 22. Nd2 Nxd5 23. Nc4 e4 24. Bxg7 Kxg7 25. Qa5 Qc5 26. Qd2 Qa7 27. Qb2+ Kg8
28. Na5 Ba8 29. Nc6 Bxc6 30. Rxc6 Rb8 31. Qd2 Nb4 32. Rxd6 Nd3 33. Qc3 Qe7 34.
Rxa6 Rec8 35. Rc6 Rxc6 36. Qxc6 f5 37. Bf1 Ne5 38. Qc3 Nf3+ 39. Kg2 Qe5 40. Bc4+
Kg7 41. Qxe5+ Nxe5 42. Bb3 Nd3 43. h4 h6 44. Rb1 Nc5 45. Bc2 Ra8 46. Rb5 Nd3 47.
Rb7+ Kf6 48. Rb6+ Kg7 49. Bb3 Rc8 50. Rb7+ Kf6 51. f4 exf3+ 52. Kxf3 Rc6 53. a4
Nc5 54. Rb5 g5 55. hxg5+ hxg5 56. Bd5 Rc7 57. a5 g4+ 58. Ke2 Ke7 59. e4 Nxe4 60.
Bxe4 fxe4 61. Re5+ Kf6 62. Rxe4 Rc2+ 63. Ke3 Ra2 64. Kf4 Rxa5 65. Kxg4 1/2-1/2

[Event "Opera Euro Rapid Prelim"]
[Site "chess24.com INT"]
[Date "2021.02.08"]
[Round "13.8"]
[White "Ding, Liren"]
[Black "Carlsen, Magnus"]
[Result "1-0"]
[WhiteTitle "GM"]
[BlackTitle "GM"]
[WhiteElo "2791"]
[BlackElo "2862"]
[WhiteFideId "8603677"]
[BlackFideId "1503014"]
[EventDate "2021.02.06"]

1. d4 Nf6 2. c4 e6 3. Nf3 a6 4. Nc3 Bb4 5. Bg5 h6 6. Bh4 b6 7. e3 Bb7 8. Bd3
Bxc3+ 9. bxc3 d6 10. O-O Nbd7 11. Nd2 g5 12. Bg3 h5 13. h3 h4 14. Bh2 g4 15.
hxg4 h3 16. g3 Rg8 17. f3 Qe7 18. e4 O-O-O 19. Rf2 Nh7 20. a4 a5 21. Rb1 Rde8
22. Nf1 f5 23. exf5 exf5 24. Bxf5 Ng5 25. c5 Kb8 26. cxb6 Nxb6 27. d5 Ba6 28.
Qd4 Ka7 29. f4 Ne4 30. Re1 Nxf2 31. Rxe7 Rxe7 32. Kxf2 Re2+ 33. Kf3 Rge8 34. Bd3
Bxd3 35. Qxd3 Rg2 36. g5 1-0